| 000 | 00378nam a2200157Ia 4500 | ||
|---|---|---|---|
| 008 | 210210b1959 xxu||||| |||| 00| 0 eng d | ||
| 041 | _aeng | ||
| 082 | _a828/285 | ||
| 100 | _aHASSAL (Christopher) | ||
| 245 | _aEdward Marsh | ||
| 260 |
_aLondon _bLongmans Green and Company Limited _c1959 |
||
| 650 | _aMarsh | ||
| 650 | _aEdward | ||
| 690 | _aBiography | ||
| 906 | _a016130 | ||
| 999 |
_c135541 _d135541 |
||